| 000 | 01156cam a22002651i 4500 | ||
|---|---|---|---|
| 003 | SA-RiAUC | ||
| 005 | 20241218150449.0 | ||
| 008 | 241218q19001999sy g 000r0 ara c | ||
| 040 |
_aSA-TaTUL _bara _cSA-RiAUC _erda |
||
| 082 | 0 | 4 | _a231 |
| 090 |
_a231 _b ب غ و |
||
| 100 | 1 |
_aالبغوي، الحسين بن مسعود بن محمد، _d436-510 هجري _eمؤلف. |
|
| 245 | 1 | 0 |
_aشرح السنة. _cتأليف أبي محمد الحسين بن مسعود الفراء البغوي ؛ حققه وعلق عليه وخرج أحاديثه شعيب الأرناؤوط، زهير الشاويش. |
| 264 | 1 |
_a[دمشق] : _bالمكتب الإسلامي، _c[بين 1900 و1999] |
|
| 300 |
_aمجلد ؛ _c24 سم |
||
| 336 |
_aنص _btxt _2rdacontent _3كتاب |
||
| 337 |
_aبدون وسيط _bn _2rdamedia |
||
| 338 |
_aمجلد _bnc _2rdacarrier |
||
| 650 | 7 |
_aالسنة _vمتفرقات _2aucsh |
|
| 650 | 7 |
_aالحديث _xشرح _2aucsh |
|
| 700 | 1 |
_aالأرناؤوط، شعيب، _d1928-2016 _eمحقق. |
|
| 700 | 1 |
_aالشاويش، زهير، _d1925-2013 _eمحقق. |
|
| 942 |
_2ddc _cBOOK _n0 |
||
| 949 |
_aSA-JeALM _d241218 _umohamedma123 _n1 |
||
| 999 |
_c3655 _d3655 |
||